| 000 | 00593cam a2200229 4500 | ||
|---|---|---|---|
| 008 | 000000n2000 000 0 eng u | ||
| 035 | _a(Sirsi) u105180 | ||
| 245 | _aLicensed and leisure property | ||
| 260 | _c2000 | ||
| 490 |
_aEstates Gazette _vLicensed and Leisure Property Spring 2000, (23)_loan |
||
| 590 | _aABS | ||
| 650 | _aLICENSED PROPERTY | ||
| 650 | _aLEISURE SECTOR | ||
| 650 | _aHOTELS | ||
| 650 | _aPUBLIC HOUSES | ||
| 650 | _aRESTAURANTS | ||
| 650 | _aNIGHTCLUBS | ||
| 650 | _aBRANDING | ||
| 650 | _aINTERNET | ||
| 690 | _aLEISURE AND RECREATION | ||
| 942 | _n0 | ||
| 999 |
_c63076 _d63076 |
||